Theories of programming : the life and works of Tony Hoare

Saved in:
Bibliographic Details
Other Authors Jones, C. B. 1944- (Editor), Misra, Jayadev (Editor)
Format Electronic eBook
LanguageEnglish
Published [New York, NY, USA] : Association for Computing Machinery; [2021]
SeriesACM books ; #39.
Subjects
Online AccessFull text
ISBN9781450387316
9781450387309
9781450387286
9781450387293
ISSN2374-6777 ;
Physical Description1 online zdroj (xx, 430 stran)

Cover

LEADER 00000cam a2200000 i 4500
001 108521
003 CZ-ZlUTB
005 20260618134623.0
006 m o d
007 cr cnu---unuuu
008 010101s2021 nyua fo 000 0deng d
020 |a 9781450387316  |q (electronic book) 
020 |a 9781450387309  |q (electronic book) 
020 |z 9781450387286  |q (hardcover) 
020 |z 9781450387293  |q (paperback) 
024 7 |a 10.1145/3477355  |2 doi 
035 |a (OCoLC)1277057935  |z (OCoLC)1281706912  |z (OCoLC)1311314930  |z (OCoLC)1311568851 
040 |a UKAHL  |b eng  |e rda  |c UKAHL  |d CUS  |d GZM  |d OCLCO  |d OCLCF  |d NJT  |d OCLCO  |d N$T  |d YDX  |d EBLCP  |d OCLCQ  |d YDX  |d OCL 
072 7 |a 004.4/.6  |x Programování. Software  |2 Konspekt  |9 23 
080 |a 004.42  |2 MRF 
080 |a 004.41  |2 MRF 
080 |a 004.43  |2 MRF 
080 |a (0.034.2:08)  |2 MRF 
080 |a (0.034.2:08)  |2 MRF 
245 0 0 |a Theories of programming :  |b the life and works of Tony Hoare /  |c Cliff B. Jones, Jayadev Misra [editors]. 
264 1 |a [New York, NY, USA] :  |b Association for Computing Machinery;  |c [2021] 
300 |a 1 online zdroj (xx, 430 stran) 
336 |a text  |b txt  |2 rdacontent 
337 |a počítač  |b c  |2 rdamedia 
338 |a online zdroj  |b cr  |2 rdacarrier 
490 1 |a ACM books,  |x 2374-6777 ;  |v #39 
506 |a Plný text je dostupný pouze z IP adres počítačů Univerzity Tomáše Bati ve Zlíně nebo vzdáleným přístupem pro zaměstnance a studenty 
600 1 7 |a Hoare, C. A. R.  |q (Charles Antony Richard),  |d 1934-  |7 mub2011666475  |2 czenas 
650 0 7 |a programování  |7 ph115891  |2 czenas 
650 0 7 |a softwarové inženýrství  |7 ph125825  |2 czenas 
650 0 7 |a programovací jazyky  |7 ph115890  |2 czenas 
650 0 9 |a programming  |2 eczenas 
650 0 9 |a software engineering  |2 eczenas 
650 0 9 |a programming languages  |2 eczenas 
655 7 |a elektronické knihy  |7 fd186907  |2 czenas 
655 7 |a kolektivní monografie  |7 fd501537  |2 czenas 
655 9 |a electronic books  |2 eczenas 
655 9 |a collective monographs  |2 eczenas 
700 1 |a Jones, C. B.  |q (Cliff B.),  |d 1944-  |e editor. 
700 1 |a Misra, Jayadev,  |e editor. 
776 0 8 |i Print version:  |z 9781450387286  |z 9781450387293 
830 0 |a ACM books ;  |v #39. 
856 4 0 |u https://proxy.k.utb.cz/login?url=https://dl.acm.org/doi/book/10.1145/3477355 
942 |2 udc 
992 |c EBOOK-TN  |c ACM 
993 |x NEPOSILAT  |y EIZ 
999 |c 108521  |d 108521